The poor doubting Christian drawn to Christ / (Record no. 9698)
[ view plain ]
| 000 -LEADER | |
|---|---|
| fixed length control field | 00607nam a2200205Ia 4500 |
| 001 - CONTROL NUMBER | |
| control field | 7973826 |
| 003 - CONTROL NUMBER IDENTIFIER | |
| control field | OSt |
| 005 - DATE AND TIME OF LATEST TRANSACTION | |
| control field | 20210121164723.0 |
| 008 - FIXED-LENGTH DATA ELEMENTS--GENERAL INFORMATION | |
| fixed length control field | 811203r19811743miua 000 0 eng d |
| 020 ## - INTERNATIONAL STANDARD BOOK NUMBER | |
| International Standard Book Number | 0801042461 |
| 040 ## - CATALOGING SOURCE | |
| Original cataloging agency | IDI |
| Transcribing agency | IDI |
| Modifying agency | JCU |
| 090 ## - LOCALLY ASSIGNED LC-TYPE CALL NUMBER (OCLC); LOCAL CALL NUMBER (RLIN) | |
| Classification number (OCLC) (R) ; Classification number, CALL (RLIN) (NR) | BX7233 |
| Local cutter number (OCLC) ; Book number/undivided call number, CALL (RLIN) | .H65 1981 |
| 100 1# - MAIN ENTRY--PERSONAL NAME | |
| Personal name | Hooker, Thomas, |
| Dates associated with a name | 1586-1647. |
| 245 14 - TITLE STATEMENT | |
| Title | The poor doubting Christian drawn to Christ / |
| Statement of responsibility, etc. | Thomas Hooker. |
| 260 ## - PUBLICATION, DISTRIBUTION, ETC. | |
| Place of publication, distribution, etc. | Grand Rapids : |
| Name of publisher, distributor, etc. | Baker Book House, |
| Date of publication, distribution, etc. | 1981. |
| 300 ## - PHYSICAL DESCRIPTION | |
| Extent | 165 p. : |
| Other physical details | ill. ; |
| Dimensions | 18 cm. |
| 500 ## - GENERAL NOTE | |
| General note | Reprint of the 1743 edition. |
| 650 #0 - SUBJECT ADDED ENTRY--TOPICAL TERM | |
| Topical term or geographic name entry element | Christian life |
| General subdivision | Congregational authors. |
| 942 ## - ADDED ENTRY ELEMENTS (KOHA) | |
| Source of classification or shelving scheme | Dewey Decimal Classification |
| Koha item type | Books |
| Withdrawn status | Lost status | Source of classification or shelving scheme | Damaged status | Not for loan | Collection code | Home library | Current library | Shelving location | Date acquired | Total Checkouts | Full call number | Barcode | Date last seen | Price effective from | Koha item type |
|---|---|---|---|---|---|---|---|---|---|---|---|---|---|---|---|
| Dewey Decimal Classification | Non-fiction | Harvest Mission College | Harvest Mission College | General Stacks | 03.02.2021 | 248 H783P | 011123 | 03.02.2021 | 03.02.2021 | Books |
